Hindu ceremony / (Record no. 148037)

MARC details
000 -LEADER
fixed length control field 00584nam a22001937a 4500
005 - DATE AND TIME OF LATEST TRANSACTION
control field 20171218143103.0
010 ## - LCCN (DPL NO)
LC control number ENG-121888
020 ## - INTERNATIONAL STANDARD BOOK NUMBER
International Standard Book Number 9788193055434
Terms of availability 1000.00
035 ## - SYSTEM CONTROL NUMBER
System control number EN-105420
037 ## - SOURCE OF ACQUISITION
Source of stock number/acquisition DBAD/PUB
082 ## - DEWEY DECIMAL CLASSIFICATION NUMBER
Classification number 230.64
100 ## - MAIN ENTRY--PERSONAL NAME
Personal name Singh, Manoj
245 ## - TITLE STATEMENT
Title Hindu ceremony /
Statement of responsibility, etc by Manoj Singh
260 ## - PUBLICATION, DISTRIBUTION, ETC. (IMPRINT)
Place of publication, distribution, etc Uttar Pradesh
Name of publisher, distributor, etc A.Kumar and Sons
Date of publication, distribution, etc 2015
270 ## - ADDRESS
Address Rechal Tower Shahidh Chand Marg, Mirzapur
City Uttar Pradesh
Postal code 231001
300 ## - PHYSICAL DESCRIPTION
Extent 248p.
Dimensions 22cm(Hb)
500 ## - GENERAL NOTE
General note Includes bibliographical reference
942 ## - ADDED ENTRY ELEMENTS (KOHA)
Source of classification or shelving scheme Dewey Decimal Classification
Item type English Books
Classification part 230.64
Call number suffix SIN
Holdings
Withdrawn status Lost status Not for loan Collection code Home library Current library Date acquired Source of acquisition Cost, normal purchase price Full call number Barcode Copy number Cost, replacement price Koha item type
    Not For Loan Non-fiction D.B.Act.Division Bawana 18/12/2017 DBAD/PUB 1000.00 230.64 SIN EN-105420 1 1000.00 English Books

© Delhi Public Library
Hit Counter
free hit counter